| 000 | 00882nam a22002775a 4500 | ||
|---|---|---|---|
| 003 | EG-ScBUE | ||
| 005 | 20220331123315.0 | ||
| 008 | 161215s2012 enk f 000 1 eng d | ||
| 020 | _a9780141198910 | ||
| 040 |
_aEG-ScBUE _beng _erda _cEG-ScBUE _dEG-ScBUE |
||
| 082 | 0 | 4 |
_222 _a823.8 _bELI |
| 100 | 1 |
_94658 _aEliot, George, _d1819-1880, _eauthor. |
|
| 245 | 1 | 4 |
_aThe mill on the floss / _cGeorge Eliot. |
| 264 | 1 |
_aLondon : _bPenguin Books, _c2012. |
|
| 300 |
_avii, 600 pages ; _c20 cm. |
||
| 336 |
_2rdacontent _atext _btxt |
||
| 337 |
_2rdamedia _aunmediated _bn |
||
| 338 |
_2rdacarrier _avolume _bnc |
||
| 490 | 0 | _aPenguin English Library | |
| 650 | 7 |
_2BUEsh _92862 _aBrothers and sisters _vFiction. |
|
| 650 | 7 |
_aWomen _xSocial conditions _zEngland _vFiction. _2BUEsh |
|
| 651 | _2BUEsh | ||
| 653 |
_cDecember2016 _bHHUUEENN |
||
| 655 |
_vReading book _934232 |
||
| 942 |
_2ddc _cBB |
||
| 999 |
_c23591 _d23563 |
||